Statistics for Most Populated Countries Per Amount Of Letters In Name

Click here to take the quiz!

General Stats

  • This quiz has been taken 18 times
  • The average score is 7 of 9

Answer Stats

LettersAnswer% Correct
6Brazil
100%
5China
100%
9Indonesia
89%
7Nigeria
78%
10Bangladesh
72%
8Pakistan
72%
4Iran
67%
11Philippines
56%
12United States
28%

Score Distribution

Percentile by Number Answered

Percent of People with Each Score

Your Score History

You have not taken this quiz